| 000 | 01652cam a22003974a 4500 | ||
|---|---|---|---|
| 001 | 11900687 | ||
| 003 | EG-ScBUE | ||
| 005 | 20220322105158.0 | ||
| 008 | 000201t2000 enk f b 000 jdeng d | ||
| 020 | _a0894108654 | ||
| 020 | _a9780894108907 | ||
| 040 |
_aDLC _beng _erda _cDLC _dDLC _dEG-ScBUE |
||
| 041 | 1 |
_aeng _hara |
|
| 043 | _aa-is--- | ||
| 082 | 0 | 4 |
_a892.736 _222 _bKAN |
| 100 | 1 |
_aKanafānī, Ghassān, _eauthor. _924139 |
|
| 245 | 1 | 0 |
_aPalestine's children : _breturning to Haifa and other stories / _cGhassan Kanafani ; translated by Barbara Harlow and Karen E. Riley ; with an introduction to the work and a biographical essay on Ghassan Kanafani. |
| 264 | 1 |
_aLondon : _bLynne Rienner Publishers, _c[2000] |
|
| 264 | 4 | _cc2000. | |
| 300 |
_avi, 199 pages ; _c24 cm |
||
| 336 |
_2rdacontent _atext _btxt |
||
| 337 |
_2rdamedia _aunmediated _bn |
||
| 338 |
_2rdacarrier _avolume _bnc |
||
| 504 | _aIncludes bibliographical references. | ||
| 546 | _aText in English ; translated from the original Arabic. | ||
| 650 | 7 |
_aPalestinian Arabs _vFiction. _924140 _2BUEsh |
|
| 650 | 7 |
_aExiles _vFiction. _924141 _2BUEsh |
|
| 651 | 7 |
_924131 _aPalestine _vFiction. _2BUEsh |
|
| 653 |
_cMay2011 _bARALIT |
||
| 655 |
_vReading book _934232 |
||
| 700 | 1 |
_aHarlow, Barbara, _d1948- _etranslator. _924142 |
|
| 700 | 1 |
_aRiley, Karen E., _etranslator. _924143 |
|
| 700 | 1 |
_aKanafānī, Ghassān, _eauthor of introduction, etc. |
|
| 942 |
_2ddc _cBB |
||
| 999 |
_c15403 _d15403 |
||